Estudios matemáticos

Saved in:
Bibliografiske detaljer
Hovedforfatter: Iommi Amunátegui, Godofredo Tomás (autor)
Format: Bog
Sprog:spansk
Udgivet: Viña del Mar Universidad Viña del Mar 1999
Serier:Seminario Paradigmas de la Ciencia
Fag:
Tags: Tilføj Tag
Ingen Tags, Vær først til at tagge denne postø!

MARC

LEADER 00000nam a2200000 a 4500
001 UCN8287
003 CL-VaPUC
008 011109e19990000CL |||||||||||||||||spa|d
082 0 4 |a 510.1  |b IOM  |2 21 
100 |a Iommi Amunátegui, Godofredo Tomás  |e autor  |9 604202 
245 1 0 |a Estudios matemáticos 
300 |a 64 p 
942 |c BK 
945 |d 20011109 00:00:00  |a cmena 
260 |a Viña del Mar  |b Universidad Viña del Mar  |c 1999 
650 0 |a Filosofía de las matemáticas   |9 265233 
650 0 |a Métodos de investigación   |9 262618 
650 0 |a Lógica matemática   |9 262442 
583 |a last modification  |c 20011109 00:00:00  |k Rodrigo Vera 
490 0 |a Seminario Paradigmas de la Ciencia 
999 |c 298302  |d 298300